Thanh thực lục - Sử liệu chiến tranh Thanh - Tây Sơn
Sparad:
| Huvudupphovsman: | |
|---|---|
| Materialtyp: | Bok |
| Publicerad: |
Hà Nội
Hà Nội
2007
|
| Ämnen: | |
| Taggar: |
Lägg till en tagg
Inga taggar, Lägg till första taggen!
|
| Thư viện lưu trữ: | Trung tâm Học liệu Lê Vũ Hùng, Trường Đại học Đồng Tháp |
|---|
| LEADER | 00759pam a22002418a 4500 | ||
|---|---|---|---|
| 001 | 00041501 | ||
| 005 | 20180510080542.0 | ||
| 008 | 110506s2007 ||||||Viesd | ||
| 020 | # | # | |c 105000 |
| 041 | 0 | # | |a Vie |
| 082 | 1 | 4 | |a 959.702 72 |b TH107TH |
| 100 | 1 | # | |a Hồ, Bạch Thảo |d Dịch |
| 245 | 0 | 0 | |a Thanh thực lục - Sử liệu chiến tranh Thanh - Tây Sơn |c Hồ Bạch Thảo (dịch) |
| 260 | # | # | |a Hà Nội |b Hà Nội |c 2007 |
| 300 | # | # | |a 539 tr. |c 24 cm. |
| 653 | # | # | |a Gia Long |
| 653 | # | # | |a Lịch sử |
| 653 | # | # | |a Triều Thanh |
| 653 | # | # | |a Tây Sơn |
| 653 | # | # | |a Việt Nam |
| 852 | # | # | |j KD.0023652 |
| 910 | |d 10/05/2018 | ||
| 980 | # | # | |a Trung tâm Học liệu Lê Vũ Hùng, Trường Đại học Đồng Tháp |